International Flights from South US * - Statistics

General Stats
  • This quiz has been taken 21 times
    18 since last reset
  • The average score is 59 of 110
Answer Stats
Answer % Correct
Atlanta
100%
Charlotte
94%
Washington D.C.
94%
Amsterdam
88%
London
88%
Toronto
88%
Addis Ababa
81%
Dubai
81%
Paris
81%
Baltimore
75%
Frankfurt
75%
Mexico City
75%
Montréal
75%
Moscow
75%
Raleigh/Durham
75%
Rio de Janeiro
75%
São Paulo
75%
Vancouver
75%
Abu Dhabi
69%
Barcelona
69%
Beijing
69%
Brussels
69%
Cairo
69%
Calgary
69%
Doha
69%
Dublin
69%
Guadalajara
69%
Istanbul
69%
Johannesburg
69%
Lisbon
69%
Madrid
69%
Münich
69%
Nashville
69%
Riyadh
69%
Rome
69%
San Salvador
69%
Seoul
69%
Bogotá
63%
Buenos Aires
63%
Cancún
63%
Copenhagen
63%
Delhi
63%
Guatemala City
63%
Havana
63%
Jeddah
63%
Lagos
63%
Lima
63%
Manchester
63%
Milan
63%
Monterrey
63%
Ottawa
63%
Panama City
63%
Punta Cana
63%
Quito
63%
San José
63%
Santiago de Chile
63%
Santiago de los Caballeros
63%
Santo Domingo
63%
Shanghai
63%
Tokyo
63%
Accra
56%
Casablanca
56%
Hong Kong
56%
Kingston
56%
Memphis
56%
Nassau
56%
Reykjavík
56%
Vienna
56%
Warsaw
56%
Zürich
56%
Cape Town
50%
Manágua
50%
Medina
50%
Montego Bay
50%
Tegucigalpa
50%
Charleston
44%
Edinburgh
44%
La Paz
44%
Puerto Vallarta
44%
Tel Aviv
44%
Antígua
38%
Barbados
38%
Belize City
38%
Geneva
38%
Sal
38%
San José del Cabo
38%
Bermuda
31%
Cartagena
31%
Düsseldorf
31%
George Town
31%
Grand Cayman
31%
Venice
31%
Cozumel
25%
Liberia
25%
Roatán
25%
Savannah
25%
Bonaire
19%
Curaçao
19%
Providenciales
19%
St. Maarten
19%
Stuttgart
19%
Basseterre
13%
Myrtle Beach
13%
Oranjestad
13%
Puerto Plata
13%
Saint George's
13%
San Pedro Sula
13%
Marsh Harbour
0%
North Eleuthera
0%
Vieux Fort
0%
No matching quizzes found
Score Distribution
Percent of People with Each Score
Percentile by Number Answered
Your Score History
You have not taken this quiz since the last reset